Library of the University of Algiers 3
Ibrahim Sultan Cheibout
شعار جامعة الجزائر 3
مكتبة جامعة الجزائر 3
إبراهيم سلطان شيبوط

الرقابة والمراجعة الداخلية على المستوى الجزئى والكلي / (رقم التسجيلة. 45699)

تفاصيل مارك
000 -LEADER
fixed length control field 01905nam a2200217Ia 4500
003 - CONTROL NUMBER IDENTIFIER
control field Ost
005 - DATE AND TIME OF LATEST TRANSACTION
control field 20260507075656.0
008 - FIXED-LENGTH DATA ELEMENTS--GENERAL INFORMATION
fixed length control field 260507s9999||||xx |||||||||||||| ||und||
040 ## - CATALOGING SOURCE
Transcribing agency fsecg
041 ## - LANGUAGE CODE
Language code of text/sound track or separate title ara
082 ## - DEWEY DECIMAL CLASSIFICATION NUMBER
Classification number 657.45
100 ## - MAIN ENTRY--PERSONAL NAME
Personal name الصحن، عبد الفتاح
Relator term مؤلف
245 #0 - TITLE STATEMENT
Title الرقابة والمراجعة الداخلية على المستوى الجزئى والكلي /
Statement of responsibility, etc. عبد الفتاح الصحن
260 ## - PUBLICATION, DISTRIBUTION, ETC.
Place of publication, distribution, etc. الاسكندرية:
Name of publisher, distributor, etc. الدار الجامعية,
Date of publication, distribution, etc. 2004
300 ## - PHYSICAL DESCRIPTION
Extent 431 صفحة؛
Other physical details إيضاحات ؛
Dimensions 24 سم
520 ## - SUMMARY, ETC.
Summary, etc. الرقابة والمراجعة الداخلية على المستوى الجزئي: الرقابة، الرقابة من خلال التخطيط، الرقابة من خلال التصميم، الرقابة الداخلية، المراجعة الداخلية، الرقابة الداخلية والمراجعة الداخلية للأصول الثابتة، الرقابة الداخلية والمراجعة الداخلية، الرقابة على العمل والمصروفات، الرقابة على الحسابات الشخصية والنقدية. الرقابة والمراجعة على المستوى الكلي (مستوى وحدات الجهاز الاداري للدولة)، أهمية الرقابة كوظيفة ادارية على المستوى الكلي، الرقابة من خلال التخطيط على المستوى الكلي، الرقابة من خلال تقييم الأداء، المقومات الأساسية الرقابة والمراجعة الحكومية، الرقابة على العمليات في الوحدات الحكومية ودور أجهزة الرقابة في تحفيزها.
653 ## - INDEX TERM--UNCONTROLLED
Uncontrolled term الرقابة المالية
653 ## - INDEX TERM--UNCONTROLLED
Uncontrolled term مراجعة الحسابات
700 ## - ADDED ENTRY--PERSONAL NAME
Personal name سرايا، محمد السيد
Relator term مؤلف ثانوي
942 ## - ADDED ENTRY ELEMENTS (KOHA)
Koha item type كتب
المقتنيات
Withdrawn status Lost status Source of classification or shelving scheme Damaged status Not for loan Home library Current library Date acquired Serial enumeration / chronology Inventory number Total checkouts Full call number Barcode Date last seen Price effective from Koha item type
    Dewey Decimal Classification   Available مكتبة كلية العلوم الإقتصادية والعلوم التجارية وعلوم التسيير مكتبة كلية العلوم الإقتصادية والعلوم التجارية وعلوم التسيير 07/05/2026 الطابق الثاني 1842/10   أ/1842ن10 1842/10 07/05/2026 07/05/2026 كتب
    Dewey Decimal Classification   Available مكتبة كلية العلوم الإقتصادية والعلوم التجارية وعلوم التسيير مكتبة كلية العلوم الإقتصادية والعلوم التجارية وعلوم التسيير 07/05/2026 الطابق الثاني 1842/11   أ/1842ن11 1842/11 07/05/2026 07/05/2026 كتب
    Dewey Decimal Classification   Available مكتبة كلية العلوم الإقتصادية والعلوم التجارية وعلوم التسيير مكتبة كلية العلوم الإقتصادية والعلوم التجارية وعلوم التسيير 07/05/2026 الطابق الثاني 1842/12   أ/1842ن12 1842/12 07/05/2026 07/05/2026 كتب
    Dewey Decimal Classification   Available مكتبة كلية العلوم الإقتصادية والعلوم التجارية وعلوم التسيير مكتبة كلية العلوم الإقتصادية والعلوم التجارية وعلوم التسيير 07/05/2026 الطابق الثاني 1842/9   أ/1842ن9 1842/9 07/05/2026 07/05/2026 كتب

موارد الويب المفتوحة


© University of Algiers 3 All Rights Reserved
|
Implemented by LECHELAH Riad